[Event "Bucharest Super Rapid op"]
[Site "Bucharest"]
[Date "2022.05.01"]
[Round "10"]
[White "Sava, Robert Gabriel"]
[Black "Ciolacu, Alessia Mihaela"]
[Result "0-1"]
[WhiteElo "1766"]
[BlackElo "2279"]
[PlyCount "150"]
[EventDate "2022.04.30"]
[EventType "swiss (rapid)"]
[EventRounds "10"]
[EventCountry "ROU"]
[SourceTitle "CBM 208 Extra"]
[Source "ChessBase"]
[SourceDate "2022.07.31"]
[SourceVersion "1"]
[SourceVersionDate "2022.07.31"]
[SourceQuality "1"]

1. d4 Nf6 2. Nf3 e6 3. e3 b6 4. Bd3 Bb7 5. 0-0 g6 6. Nbd2 Bg7 7. e4 d6 8. Qe2 0-0 9. Re1 c5 10. c3 Nc6 11. Nf1 Nh5 12. dxc5 bxc5 13. Ng3 Nf6 14. Bc2 d5 15. exd5 exd5 16. Qb5 Qb6 17. Qxb6 axb6 18. Bf4 Rfe8 19. Rxe8+ Rxe8 20. Re1 Ra8 21. a3 Bf8 22. Rd1 h6 23. h3 Kg7 24. Ne5 Re8 25. Nxc6 Bxc6 26. Be3 h5 27. Nf1 b5 28. Nd2 Rc8 29. Bb3 Rd8 30. Nf3 Bb7 31. Ba2 Ne4 32. Bb1 f5 33. Bxe4 fxe4 34. Ng5 Re8 35. b4 cxb4 36. axb4 Be7 37. Ne6+ Kf7 38. Nd4 Rc8 39. Nxb5 Ba6 40. Nd4 Rxc3 41. b5 Bb7 42. Ra1 Bc5 43. Ne2 Rc2 44. Bxc5 Rxc5 45. Nd4 Rc4 46. Ra7 Rxd4 47. Rxb7+ Ke6 48. Rb6+ Kf5 49. Rd6 Rd1+ 50. Kh2 d4 51. Rd8 d3 52. b6 Rb1 53. f3 Rxb6 54. fxe4+ Kxe4 55. Kg3 Rb5 56. Kf2 Rd5 57. Re8+ Kd4 58. Rc8 Re5 59. Rd8+ Kc3 60. Rc8+ Kd2 61. g4 hxg4 62. hxg4 Kd1 63. Rc7 d2 64. Rc8 Re4 65. g5 Rg4 66. Rc5 Rf4+ 67. Ke3 Rf7 68. Rd5 Ke1 69. Rxd2 Re7+ 70. Kd3 Rd7+ 71. Ke4 Rxd2 72. Ke5 Kf2 73. Kf6 Rd6+ 74. Ke7 Ra6 75. Kf7 Kf3 0-1

[Event "ROM-ch U12"]
[Site "Eforie Nord"]
[Date "2022.04.18"]
[Round "9"]
[White "Tudor, Henry Edward"]
[Black "Sava, Robert Gabriel"]
[Result "0-1"]
[WhiteElo "1918"]
[BlackElo "1766"]
[PlyCount "71"]
[EventDate "2022.04.11"]
[EventType "swiss"]
[EventRounds "9"]
[EventCountry "ROU"]
[SourceTitle "EXT 2023"]
[Source "ChessBase"]
[SourceDate "2022.10.05"]
[SourceVersion "1"]
[SourceVersionDate "2022.10.05"]
[SourceQuality "1"]

1. d4 d5 2. c4 e6 3. Nc3 c5 4. cxd5 exd5 5. Nf3 Nc6 6. g3 Nf6 7. Bg2 c4 8. Ne5 Be7 9. 0-0 0-0 10. Nxc6 bxc6 11. e4 Be6 12. f4 dxe4 13. f5 Bd5 14. g4 e3 15. Bxe3 Bxg2 16. Kxg2 Nd5 17. Qd2 Re8 18. Nxd5 cxd5 19. g5 Bf8 20. Rf3 Re4 21. Rh3 Qd7 22. Rf1 Rae8 23. Rff3 Rg4+ 24. Kh1 Ree4 25. Qf2 Qa4 26. Qf1 Qc6 27. Rh5 g6 28. fxg6 Qxg6 29. Rhh3 Bg7 30. Rf5 Qe6 31. Rff3 Bxd4 32. Rh6 Qe7 33. g6 hxg6 34. Bxd4 Rxd4 35. Rh7 Rdf4 36. Rhh3 0-1

[Event "ROM-ch U12"]
[Site "Eforie Nord"]
[Date "2022.04.12"]
[Round "2"]
[White "Babadita, Andrei"]
[Black "Sava, Robert Gabriel"]
[Result "0-1"]
[WhiteElo "1399"]
[BlackElo "1766"]
[PlyCount "108"]
[EventDate "2022.04.11"]
[EventType "swiss"]
[EventRounds "9"]
[EventCountry "ROU"]
[SourceTitle "EXT 2023"]
[Source "ChessBase"]
[SourceDate "2022.10.05"]
[SourceVersion "1"]
[SourceVersionDate "2022.10.05"]
[SourceQuality "1"]

1. e4 c5 2. Nf3 d6 3. d4 cxd4 4. Nxd4 Nf6 5. Nc3 Nc6 6. Be2 e6 7. Be3 a6 8. 0-0 Be7 9. f4 0-0 10. Bf3 Qc7 11. Nde2 Bd7 12. Ng3 b5 13. f5 Ne5 14. Bg5 b4 15. Nce2 Rac8 16. Rc1 Qc5+ 17. Qd4 Qxd4+ 18. Nxd4 Rc4 19. c3 bxc3 20. bxc3 Rfc8 21. Bd2 Nxf3+ 22. gxf3 e5 23. Nb3 d5 24. Rfe1 dxe4 25. fxe4 Ra4 26. Rc2 Rcc4 27. Bg5 h6 28. Bh4 Ra3 29. Rec1 Rca4 30. Rd1 Bc6 31. Rdd2 Rc4 32. Re2 Kf8 33. Kf1 Nxe4 34. Bxe7+ Kxe7 35. Nxe4 Rxe4 36. c4 Rxe2 37. Rxe2 f6 38. Ke1 Ra4 39. c5 Re4 40. Na5 Rxe2+ 41. Kxe2 Be4 42. Kd2 Bxf5 43. Kc3 h5 44. Kb4 h4 45. Nc4 g5 46. Ka5 Bd3 47. Ne3 f5 48. Kb6 f4 49. Ng4 Bf5 50. Nxe5 g4 51. c6 f3 52. h3 f2 53. hxg4 f1Q 54. gxf5 Qb5+ 0-1

[Event "ROM-ch Rapid"]
[Site "Bucharest"]
[Date "2022.03.12"]
[Round "8"]
[White "Sava, Robert Gabriel"]
[Black "Dan, Alexandru"]
[Result "0-1"]
[WhiteElo "1790"]
[BlackElo "1989"]
[PlyCount "74"]
[EventDate "2022.03.11"]
[EventType "swiss (rapid)"]
[EventRounds "9"]
[EventCountry "ROU"]
[SourceTitle "CBM 207 Extra"]
[Source "ChessBase"]
[SourceDate "2022.05.31"]
[SourceVersion "1"]
[SourceVersionDate "2022.05.31"]
[SourceQuality "1"]

1. e4 d6 2. d4 g6 3. Nc3 Bg7 4. f4 c6 5. Nf3 Nf6 6. Be2 0-0 7. 0-0 Qc7 8. h3 Nbd7 9. Be3 a6 10. e5 Nd5 11. Nxd5 cxd5 12. c3 b5 13. a4 bxa4 14. Rxa4 Nb6 15. Ra2 Nc4 16. Bf2 Bh6 17. Bxc4 dxc4 18. Be3 dxe5 19. dxe5 Bb7 20. Nd4 e6 21. Qe2 Bd5 22. Rfa1 Qb7 23. g4 Rfb8 24. Qf2 Bg7 25. Kh2 Rd8 26. g5 Qc8 27. Kg3 Bb7 28. Qe2 Qc7 29. Ra4 Rdc8 30. R4a2 h6 31. h4 Qd8 32. Ra5 Bf8 33. R5a4 Qd5 34. Qf3 Qd7 35. Qe2 Qc7 36. Ra5 Kh7 37. R5a4 Be7 0-1

[Event "Romanian op"]
[Site "Alba Iulia"]
[Date "2021.11.26"]
[Round "8"]
[White "Negrean, Andrei"]
[Black "Sava, Robert Gabriel"]
[Result "1-0"]
[WhiteElo "1847"]
[BlackElo "1735"]
[PlyCount "53"]
[EventDate "2021.11.21"]
[EventType "swiss"]
[EventRounds "9"]
[EventCountry "ROU"]
[SourceTitle "CBM 205 Extra"]
[Source "ChessBase"]
[SourceDate "2022.01.31"]
[SourceVersion "1"]
[SourceVersionDate "2022.01.31"]
[SourceQuality "1"]

1. d4 d5 2. c4 e6 3. Nf3 c5 4. cxd5 exd5 5. g3 Nf6 6. Bg2 c4 7. 0-0 Be7 8. Ne5 0-0 9. Nc3 Nc6 10. Nxc6 bxc6 11. b3 cxb3 12. axb3 Bf5 13. Bg5 h6 14. Bxf6 Bxf6 15. Na4 Rb8 16. Nc5 Rb4 17. e3 a5 18. Qd2 Qb6 19. Rfc1 Be7 20. Qc3 Rc8 21. h3 h5 22. h4 Bxc5 23. Qxc5 Qb8 24. Rxa5 Rxb3 25. Ra6 Rb5 26. Qe7 Rb1 27. Ra1 1-0

[Event "Romanian op"]
[Site "Alba Iulia"]
[Date "2021.11.23"]
[Round "4"]
[White "Sava, Robert Gabriel"]
[Black "Butolo, Alexandru Mircea"]
[Result "0-1"]
[WhiteElo "1735"]
[BlackElo "1768"]
[PlyCount "62"]
[EventDate "2021.11.21"]
[EventType "swiss"]
[EventRounds "9"]
[EventCountry "ROU"]
[SourceTitle "CBM 205 Extra"]
[Source "ChessBase"]
[SourceDate "2022.01.31"]
[SourceVersion "1"]
[SourceVersionDate "2022.01.31"]
[SourceQuality "1"]

1. e4 c5 2. Nf3 Nc6 3. d4 cxd4 4. Nxd4 Nf6 5. Nc3 e6 6. Nxc6 bxc6 7. e5 Nd5 8. Ne4 Qc7 9. f4 Rb8 10. c4 Bb4+ 11. Ke2 0-0 12. cxd5 cxd5 13. Nf2 f6 14. exf6 Rxf6 15. Kf3 Bb7 16. Nd3 Bd6 17. Ke2 Ba6 18. Ke1 Re8 19. Be3 d4 20. Bxd4 e5 21. fxe5 Bxe5 22. Nxe5 Rxe5+ 23. Be2 Rxe2+ 24. Qxe2 Bxe2 25. Bxf6 Bg4 26. Bc3 Qc4 27. Kd2 Qe2+ 28. Kc1 Bf5 29. Bd2 d5 30. a4 Qc4+ 31. Bc3 Qd3 0-1

[Event "Balkan-ch U10"]
[Site "Tornelo INT"]
[Date "2020.10.31"]
[Round "3"]
[White "Lafkidis, Apostolos"]
[Black "Sava, Robert Gabriel"]
[Result "1/2-1/2"]
[WhiteElo "1318"]
[BlackElo "1491"]
[PlyCount "121"]
[EventDate "2020.10.31"]
[EventType "swiss"]
[EventRounds "7"]
[EventCountry "NET"]
[SourceTitle "EXT 2023"]
[Source "ChessBase"]
[SourceDate "2022.10.05"]
[SourceVersion "1"]
[SourceVersionDate "2022.10.05"]
[SourceQuality "1"]

1. e4 c5 2. Nf3 d6 3. d4 cxd4 4. Nxd4 Nf6 5. f3 Nc6 6. c4 e6 7. Nc3 Be7 8. Be3 0-0 9. Be2 e5 10. Nb3 Be6 11. 0-0 a6 12. Qd2 Nd7 13. Nd5 Bxd5 14. cxd5 Ncb8 15. Rac1 f5 16. Na5 b6 17. Nc6 Nxc6 18. Rxc6 fxe4 19. fxe4 Rxf1+ 20. Kxf1 Nc5 21. Bxc5 bxc5 22. Rxa6 Rb8 23. b3 Bg5 24. Qd3 Qf6+ 25. Qf3 Qg6 26. Qg4 Rf8+ 27. Bf3 Kh8 28. Ke2 Qh6 29. Qh3 Qf6 30. Qg4 g6 31. Ra7 Bh6 32. Qd7 Bg7 33. Qe7 Qxe7 34. Rxe7 Ra8 35. Kd3 Bf8 36. Rb7 Rxa2 37. b4 cxb4 38. Rxb4 Ra3+ 39. Ke2 Ra2+ 40. Kd3 h5 41. Rb8 Kg8 42. h3 Ra3+ 43. Ke2 Ra4 44. Kd3 Ra2 45. Kc3 Ra4 46. Rb4 Rxb4 47. Kxb4 Bh6 48. Kb5 Be3 49. Kc6 Bc5 50. Kd7 Kf7 51. g4 hxg4 52. Bxg4 g5 53. Bf5 Kf6 54. Ke8 Ba3 55. Kf8 Bc5 56. Kg8 Ba3 57. Kh7 Bc5 58. Kh6 Ba3 59. Kh5 Bc5 60. Kg4 Ba3 61. Be6 1/2-1/2

[Event "FISCA Online op"]
[Site "Chess.com INT"]
[Date "2020.06.26"]
[Round "7"]
[White "Sava, Robert Gabriel"]
[Black "Matskevich, Varvara"]
[Result "0-1"]
[WhiteElo "1678"]
[BlackElo "1205"]
[PlyCount "60"]
[EventDate "2020.06.19"]
[EventType "swiss"]
[EventRounds "9"]
[EventCountry "ROU"]
[SourceTitle "CBM 197 Extra"]
[Source "ChessBase"]
[SourceDate "2020.09.30"]
[SourceVersion "1"]
[SourceVersionDate "2020.09.30"]
[SourceQuality "1"]

1. e4 c5 2. Nf3 d6 3. Bb5+ Nd7 4. c3 Ngf6 5. Qe2 e6 6. 0-0 Be7 7. d4 0-0 8. Bg5 d5 9. e5 Ne4 10. Bxe7 Qxe7 11. Nbd2 Nxd2 12. Qxd2 Nb6 13. a4 Bd7 14. Bxd7 Nxd7 15. a5 Rac8 16. Rfc1 Rc7 17. Ne1 b6 18. Nd3 Rfc8 19. b4 cxd4 20. cxd4 Rc4 21. Qb2 Qg5 22. g3 Qf5 23. Qd2 Qe4 24. Qe3 Qxe3 25. fxe3 Rc3 26. Kf2 Rc2+ 27. Ke1 R8c3 28. Rxc2 Rxc2 29. h3 Rg2 30. g4 Rg1+ 0-1